LEADER 01491nam a2200289 i 4500 001 000000155183 003 CaOOAMICUS 005 20061103000000.0 008 061103s2001 it u000 u ita u 013 $a132532 040 $aSeMil$bita 240 02$aL'elezione.$0(OLS)http://semarc/title/175719 245 12$aL'uomo degli Esercizi e l'uomo delle Costituzioni :$bConvegno di sudio sulle Costituzioni, autunno 1999 : relazioni, documenti, lavoro nei gruppi. 260 $aNapoli :$bCentro Ignaziano di Spiritualitą,$c2001. 300 $a142 p. 490 0 $aAppunti di spiritualitą ;$v52 500 $aFondo Card. C.M. Martini. 600 04$aIgnazio : di Loyola .$0(OLS)http://semarc/subject/467 700 1 $aConvegno Nazionale «Ignazio di Loyola e le Costituzioni» <1999 ; Galloro>.$0(OLS)http://semarc/name/60700 773 0 $tCostituzioni.$dNapoli : Centro Ignaziano di Spiritualitą, 1998-2001.$g2$w()16757 830 0$aAppunti di spiritualitą ;$v52.$0(OLS)http://semarc/title/12746 850 $aSeMil 852 $aSeMil$W1$xVenegono$y1$m2C IV 485$j107023$B107023$CSeMilBibl$Z2$F116336 $81 941 1 $a4 961 $aOmaggio: Martini Card. Carlo Maria 996 $6245$aL'uomo degli Esercizi e l'uomo delle Costituzioni :$bConvegno di sudio sulle Costituzioni, autunno 1999 : relazioni, documenti, lavoro nei gruppi$9(OLS)http://semarc/title/227230 996 $6260$aNapoli :$bCentro Ignaziano di Spiritualitą$9(OLS)http://semarc/publisher/32631 LEADER 01342nam a2200289 i 4500 001 000000021318 003 CaOOAMICUS 005 20250902113902.0 008 180830s19691983xxk u000 u mul u 040 $aSeMil$bita 100 1 $aAthenaeus : Naucratita,$d.$0(OLS)http://semarc/name/9195 245 14$aThe deipnosophists /$cAthenaeus ; with an english translation by Charles Burton Gulick. 264 1$aCambridge, Massachusetts :$bHarvard University Press ;$aLondon :$bHeinemann,$c1969-1983. 300 $a7 v. ;$c17 cm. 546 $aTesto in inglese e greco 700 1 $aGulick, Charles Burton,$d<1868-1962>.$0(OLS)http://semarc/name/8977 774 0 $tVol. 1.$kLoeb Classical Library$w()179445 774 0 $tVol. 2.$kLoeb Classical Library$w()179448 774 0 $tVol. 3.$kLoeb Classical Library$w()179489 774 0 $tVol. 4.$kLoeb Classical Library$w()179499 774 0 $tVol. 5.$kLoeb Classical Library$w()179641 774 0 $tVol. 6.$kLoeb Classical Library$w()179686 774 0 $tVol. 7.$kLoeb Classical Library$w()179703 996 $6245$aThe deipnosophists$9(OLS)http://semarc/title/28212 996 $6264$aCambridge, Massachusetts :$bHarvard University Press$9(OLS)http://semarc/publisher/30206 996 $6264$aLondon :$bHeinemann$9(OLS)http://semarc/publisher/58753 LEADER 00454nab a2200133 i 4500 001 000000268545 003 CaOOAMICUS 005 20180831164811.0 008 180831n xx uu u0 0und r 013 $a13965 040 $aSeMil$bita 245 10$a[vedi periodico]. 773 0 $tJezykoznawstwo.$dLublin : Towarzystwo Naukowe Katolickiego Uniwersytetu Lubelskiego Jana Pawla 2., 2006 (copyr. 2007)$w()171093 996 $6245$a[vedi periodico]$9(OLS)http://semarc/title/309439